Геральдический бестиарий; Природа; № 2

Dades bibliogràfiques
Parent link:Природа: естественно-научный журнал/ Российская Академия наук.— , 1912-.— 0032-874X
№ 2.— 2003.— с. 91-96
Autor principal: Иванова-Казас О. М.
Idioma:rus
Publicat: 2003
Col·lecció:Встречи с забытым
Matèries:
Format: MixedMaterials Capítol de llibre
KOHA link:https://koha.lib.tpu.ru/cgi-bin/koha/opac-detail.pl?biblionumber=384883

MARC

LEADER 00000naa2a2200000 4500
001 384883
005 20231101063313.0
035 |a (RuTPU)RU\TPU\prd\12043 
090 |a 384883 
100 |a 20030326a2003 k y0rusy50 ca 
101 0 |a rus 
102 |a RU 
200 1 |a Геральдический бестиарий  |f О. М. Иванова-Казас 
225 1 |a Встречи с забытым 
320 |a Библиогр.: 7 назв. 
461 1 |0 (RuTPU)RU\TPU\prd\304  |x 0032-874X  |t Природа  |o естественно-научный журнал  |f Российская Академия наук  |d 1912- 
463 1 |0 (RuTPU)RU\TPU\prd\72967  |t № 2  |v с. 91-96  |d 2003 
610 1 |a геральдика 
700 1 |a Иванова-Казас  |b О. М. 
801 1 |a RU  |b 63413507  |c 20030326  |g PSBO 
801 2 |a RU  |b 63413507  |c 20100119  |g RCR 
942 |c BK